Robin Williams' Films - Statistics

General Stats
  • This quiz has been taken 729 times
    688 since last reset
  • The average score is 17 of 78
Answer Stats
Hint Answer % Correct
1993 Mrs. Doubtfire
87%
1992 Aladdin
80%
1996 Aladdin and the King of Thieves
80%
1987 Good Morning, Vietnam
73%
1996 Good Will Hunting
73%
1995 Jumanji
67%
1989 The Dead Poet's Society
67%
1998 Patch Adams
65%
1991 Hook
62%
1997 Flubber
48%
2006 Night at the Museum
48%
2009 Night at the Museum: Battle of the Smithsonian
48%
2002 One Hour Photo
48%
1990 Awakenings
42%
1996 Jack
40%
1996 The Birdcage
39%
2002 Insomnia
37%
1991 The Fisher King
36%
1980 Popeye
35%
1999 Bicentennial Man
32%
1992 Toys
32%
2006 RV
29%
1998 What Dreams May Come
27%
2006 Happy Feet
25%
2011 Happy Feet 2
25%
1982 The World According to Garp
23%
1984 Moscow on the Hudson
19%
2005 Robots
19%
2002 Death to Smoochy
16%
2006 Man of the Year
16%
1992 FernGully: The Last Rainforest
15%
2009 World's Greatest Dad
15%
2001 A.I. Artificial Intelligence
14%
1997 Fathers' Day
14%
2007 License to Wed
14%
2009 Old Dogs
14%
1990 Cadillac Man
13%
1995 Nine Months
12%
2014 The Angriest Man in Brooklyn
12%
2007 August Rush
9%
1986 Club Paradise
9%
1999 Jakob the Liar
9%
2013 The Big Wedding
9%
2013 The Butler
9%
1991 Dead Again
8%
1997 Deconstructing Harry
8%
1988 The Adventures of Baron Munchausen
8%
1986 The Best of Times
8%
2014 Boulevard
7%
1996 Hamlet
7%
1986 Seize the Day
7%
2004 The Final Cut
7%
1983 The Survivors
7%
2004 House of D
6%
2005 The Big White
6%
2006 The Night Listener
6%
1995 To Wong Foo, Thanks For Everything! Julie Newmar
6%
1994 Being Human
5%
1977 Can I Do It 'Till I Need Glasses?
5%
1988 (uncredited) Portrait of a White Marriage
5%
1992 Shakes the Clown
5%
1990 Back to Neverland
4%
1994 In Search of Dr. Seuss
4%
2004 Noel
4%
1988 (narrator) Rabbit Ears: Pecos Bills
4%
1991 (narrator) Rabbit Ears: The Fool & The Flying Ship
4%
2009 Shrink
4%
1996 The Secret Agent
4%
1992 The Timekeeper
4%
2006 Everyone's Hero
3%
1999 Get Bruce
3%
1989 I'm from Hollywood
3%
1998 Junket Whore
3%
2013 The Face of Love
3%
2002 The Rutles 2: Can't Buy Me Lunch
3%
2000 Model Behavior
2%
2005 The Aristocrats
2%
2011 Stage Left: A Story of Theater in the Bay Area
1%
No matching quizzes found
Score Distribution
Percent of People with Each Score
Percentile by Number Answered
Your Score History
You have not taken this quiz since the last reset